000 00721nam a2200265Ia 4500
001 Para_7614
003 CHAP
008 220125s1984 xx 000 0 und d
010 _a206566
040 _cCHAP
082 _aPA 632.7 K8
100 _aKumar, R
_9172858
245 _aInsect pest control :
_b with special reference to african agriculture /
_c by R. Kumar
260 _aLondon :
_b Edward Arnold
300 _a298 p.
650 _aControl biológico de insectos
_927582
650 _aControl de plagas
_927595
901 _aPA 632.7 K8
902 _aA
905 _a0000001984 n 0000000000 00
910 _a1984
942 _cPARA
942 _cPARA
_d1
999 _c206566
_d206566